Female Present Footballer Names — Sudden Death - Statistics

General Stats
  • This quiz has been taken 64 times
  • The average score is 5 of 9
Answers on the Grid
Answers color-coded by a green-red scale on the quiz's grid according to % correct below.
Alessia Russo
Samantha Kerr
Chloe Lelly
Lucy Bronze
Diana Silver
Vanessa Gold
Khadija Shaw
Alexia Potellas
Aitana Bonmati
Georgia Dees
Caroline Hansel
Alexandra Popp
Alex Greenwood
Jenny Tube
Keira Walsh
Bella Sees
Kerosine Mãnae
Wendie Renard
 
Answer Stats
Answer % Correct
Samantha Kerr
89%
Alessia Russo
77%
Lucy Bronze
73%
Keira Walsh
59%
Aitana Bonmati
57%
Alex Greenwood
50%
Alexandra Popp
48%
Wendie Renard
45%
Khadija Shaw
41%
No matching quizzes found
Score Distribution
Percent of People with Each Score
Percentile by Number Answered
Your Score History
You have not taken this quiz